000
00311nam a2200133Ia 4500
008
190723s9999 xx 000 0 und d
020
_a
978-93-325-8473-0
100
_a
Helen Deresky
245
0
_a
International Management
250
_a
9th
260
_a
India
_b
Pearson
_c
2018
300
_a
500.:p
942
_c
BK
999
_c
1838
_d
1838